000 00962nam a2200217Ia 4500
003 OSt
005 20241003135704.0
007 ca aa aaaaa
008 201103s9999 xx 000 0 und d
040 _cSSBUL
041 _abur
082 _223
_a၂၉၄.၃ ဇ
_b၁၃၁၇၉ S-SAT
100 0 _a ခင်မောင်နှင်း(ကျောက်ပန်းတောင်း)
245 1 0 _aယနေ့ဗုဒ္ဓဘာသာနှင့်ထွန်းတောက်ရေးအတွေး /
_cခင်မောင်နှင်း(ကျောက်ပန်းတောင်း)
250 _aအဋ္ဌမအကြိမ်။
260 _aရန်ကုန် ၊
_bခရီးဖော်စာပေ၊
_c၂၀၁၄။
300 _aခခ၊ ၁၉၈ စာမျက်နှာ ၊
_c၁၈ စင်တီ။
500 _aS-SAT: Dr. Sai Aung Tun
650 _aဗုဒ္ဓဘာသာ
942 _2ddc
_cBK1
999 _c16714
_d16714